Fisiología del esfuerzo y del deporte
Saved in:
| Main Authors: | , |
|---|---|
| Format: | Bog |
| Sprog: | spansk |
| Udgivet: |
Barcelona
Paidotribo
1998
|
| Udgivelse: | 1a. ed |
| Fag: | |
| Tags: |
Tilføj Tag
Ingen Tags, Vær først til at tagge denne postø!
|
MARC
| LEADER | 00000nam a2200000 a 4500 | ||
|---|---|---|---|
| 001 | UCQ5748 | ||
| 003 | CL-VaPUC | ||
| 008 | 981002e19980000SP |||||||||||||||||spa|d | ||
| 020 | |a 8480193484 | ||
| 082 | 0 | 4 | |a 612.044 |b WIL |2 21 |
| 100 | 0 | |a Wilmore, Jack H |e author |9 419793 | |
| 700 | 0 | |a Costill, David L |e author |9 419794 | |
| 245 | 1 | 0 | |a Fisiología del esfuerzo y del deporte |
| 250 | |a 1a. ed | ||
| 300 | |a 546 p | ||
| 942 | |c BK | ||
| 945 | |d 19981002 00:00:00 |a aarredon | ||
| 260 | |a Barcelona |b Paidotribo |c 1998 | ||
| 650 | 0 | |a Fisiología humana |9 269557 | |
| 650 | 0 | |a Deportes |9 224367 | |
| 650 | 0 | |a Educación física |9 240893 | |
| 650 | 0 | |a Aspectos fisiológicos |9 305299 | |
| 650 | 0 | |a Movimiento |9 322237 | |
| 650 | 0 | |a Ejercicios físicos |9 307296 | |
| 650 | 7 | |a ENTRENAMIENTO ATLETICO |2 CL-VaPUC |9 419796 | |
| 583 | |a last modification |c 19981002 00:00:00 |k Rodrigo Vera | ||
| 999 | |c 275935 |d 275933 | ||
| 952 | |0 0 |1 0 |4 0 |6 612_044000000000000_WIL_1998 |7 0 |8 A |9 312906 |a BIBEDU |b BIBEDU |d 2019-11-20 |i 346749K |l 2 |o 612.044 WIL 1998 |p 346749K |r 2023-09-04 |s 2023-08-28 |w 2019-11-20 |y BK |k EFI | ||
| 952 | |0 0 |1 0 |4 0 |6 612_044000000000000_WIL_1998 |7 0 |8 A |9 312907 |a BIBEDU |b BIBEDU |d 2019-11-20 |i 354253K |l 2 |o 612.044 WIL 1998 |p 354253K |r 2023-09-20 |s 2023-09-04 |w 2019-11-20 |y BK |k BME | ||
| 952 | |0 0 |1 0 |4 0 |6 612_044000000000000_WIL_1998 |7 0 |8 A |9 312908 |a BIBEDU |b BIBEDU |d 2019-11-20 |i 3542548 |l 9 |m 4 |o 612.044 WIL 1998 |p 3542548 |r 2023-11-20 |s 2023-11-10 |w 2019-11-20 |y BK |k BME | ||
| 952 | |0 0 |1 0 |4 0 |6 612_044000000000000_WIL_1998 |7 0 |8 A |9 312909 |a BIBEDU |b BIBEDU |d 2019-11-20 |i 368105K |l 2 |o 612.044 WIL 1998 |p 368105K |r 2023-09-20 |s 2023-09-12 |w 2019-11-20 |y BK |k EFI | ||
| 952 | |0 0 |1 0 |4 0 |6 612_044000000000000_WIL_1998 |7 0 |8 A |9 312910 |a BIBEDU |b BIBEDU |d 2019-11-20 |i 3471888 |l 1 |o 612.044 WIL 1998 |p 3471888 |r 2023-08-11 |s 2023-08-09 |w 2019-11-20 |y BK |k EFI | ||
| 952 | |0 0 |1 0 |4 0 |6 612_044000000000000_WIL_1998 |7 0 |8 A |9 312911 |a BIBCUR |b BIBCUR |d 2019-11-20 |i 4003322 |o 612.044 WIL 1998 |p 4003322 |r 2025-04-22 |w 2019-11-20 |y BK |k KIN | ||
| 952 | |0 0 |1 0 |4 0 |6 612_044000000000000_WIL_1998 |7 0 |8 A |9 312912 |a BIBCUR |b BIBCUR |d 2019-11-20 |i 1087460 |o 612.044 WIL 1998 |p 1087460 |r 2025-04-22 |w 2019-11-20 |y BK |k KIN | ||